000 00847nam a22002297a 4500
999 _c12160
_d12160
003 AR-CdUCM
008 190408b ||||| |||| 00| 0 spa d
040 _aMUNICIPALIDAD PROVINCIAL DEL CUSCO
_cBIBLIOTECA MUNICIPAL DEL CUSCO
082 _aES / 086 /
_bD542
100 _aDiaz A. O.
_929870
245 _aPrimeros Auxilios /
260 _aMadrid :
_bEdiciones Altea,
_c1977.
300 _a110 páginas ;
_bFotografías, ilustraciones,
_c20 cm.
440 _aEnciclopedia de formación laboral
_927336
500 _aEBR formación laboral
505 _aContenido: Seguridad en el hogar -- Que hacer frente a un accidentado -- Casos que requieren urgente atención...
650 _aEBR
_929871
650 _aFormación laboral
_929850
650 _aMinisterio educación del Perú
_929872
942 _2ddc
_cLIBROS
945 _apjha
_d2019-04-08